000 00383cam a22001457a 4500
008 180718b1965 xxu||||| |||| 00| 0 eng d
082 _aL12 J599
100 _aJohansen, Leif
245 _aPublic economics
_cby Leif Johansen
260 _aAmsterdam
_bNorth -Holland
_c1965
300 _a367p.
500 _aRs.66.00
650 _aEconomic Policy
650 _aFinance, Public -Policy
999 _c371540
_d371540